<?xml version="1.0" encoding="UTF-8"?>
<record
    xmlns:xsi="http://www.w3.org/2001/XMLSchema-instance"
    xsi:schemaLocation="http://www.loc.gov/MARC21/slim http://www.loc.gov/standards/marcxml/schema/MARC21slim.xsd"
    xmlns="http://www.loc.gov/MARC21/slim">

  <leader>00694nam a22001817a 4500</leader>
  <controlfield tag="003">UA-OsUOA</controlfield>
  <controlfield tag="001"> 14978 </controlfield>
  <controlfield tag="007">ta</controlfield>
  <controlfield tag="008">20031027b un ||||| |||| 00| 0 ukr d</controlfield>
  <datafield tag="100" ind1=" " ind2=" ">
    <subfield code="a">&#x428;&#x435;&#x432;&#x447;&#x435;&#x43D;&#x43A;&#x43E; &#x421;.</subfield>
  </datafield>
  <datafield tag="942" ind1=" " ind2=" ">
    <subfield code="c">SA</subfield>
  </datafield>
  <datafield tag="040" ind1=" " ind2=" ">
    <subfield code="a">UA-OsUOA</subfield>
    <subfield code="c">UA-OsUOA</subfield>
    <subfield code="d">UA-OsUOA</subfield>
  </datafield>
  <datafield tag="245" ind1=" " ind2=" ">
    <subfield code="a">&#x41C;&#x43E;&#x43B;&#x43E;&#x434;&#x435; - &#x43D;&#x435; &#x437;&#x430;&#x432;&#x436;&#x434;&#x438; &#x437;&#x435;&#x43B;&#x435;&#x43D;&#x435;:[&#x406;&#x43D;&#x442;&#x435;&#x440;&#x432;'&#x44E; &#x437; &#x433;&#x43E;&#x43B;&#x43E;&#x432;&#x43E;&#x44E; &#x420;&#x430;&#x434;&#x438;&#x432;&#x438;&#x43B;&#x456;&#x432;. &#x440;&#x430;&#x439;&#x434;&#x435;&#x440;&#x436;&#x430;&#x434;&#x43C;&#x456;&#x43D;&#x456;&#x441;&#x442;&#x440;&#x430;&#x446;&#x456;&#x457; &#x421;.&#x428;&#x435;&#x432;&#x447;&#x435;&#x43D;&#x43A;&#x43E;&#x43C;]</subfield>
    <subfield code="c">&#x421;. &#x428;&#x435;&#x432;&#x447;&#x435;&#x43D;&#x43A;&#x43E;; &#x406;&#x43D;&#x442;&#x435;&#x440;&#x432;'&#x44E; &#x432;&#x437;&#x44F;&#x432; &#x404;.&#x426;&#x438;&#x43C;&#x431;&#x430;&#x43B;&#x44E;&#x43A;</subfield>
  </datafield>
  <datafield tag="300" ind1=" " ind2=" ">
    <subfield code="a">&#x421;.3</subfield>
  </datafield>
  <datafield tag="955" ind1=" " ind2=" ">
    <subfield code="a">0</subfield>
  </datafield>
  <datafield tag="773" ind1="0" ind2=" ">
    <subfield code="w">0</subfield>
    <subfield code="t">&#x412;&#x456;&#x43B;&#x44C;&#x43D;&#x435; &#x441;&#x43B;&#x43E;&#x432;&#x43E;</subfield>
    <subfield code="d">&#x420;&#x456;&#x432;&#x43D;&#x435;</subfield>
    <subfield code="d">2003</subfield>
    <subfield code="g">&#x2116;56/ 18 &#x43B;&#x438;&#x43F;./</subfield>
  </datafield>
  <datafield tag="650" ind1=" " ind2="7">
    <subfield code="a">&#x41A;&#x440;&#x430;&#x454;&#x437;&#x43D;&#x430;&#x432;&#x447;&#x430; &#x440;&#x43E;&#x431;&#x43E;&#x442;&#x430;</subfield>
    <subfield code="2">UDC</subfield>
  </datafield>
  <datafield tag="999" ind1=" " ind2=" ">
    <subfield code="c">301143</subfield>
    <subfield code="d">301143</subfield>
  </datafield>
</record>
